Xing shi cheng xu wen ti yan jiu.

Saved in:
Bibliographic Details
Main Author: Zuo, Weimin.
Format: Book
Language:Chinese
Published: Beijing : Zhongguo zheng fa da xue chu ban she, 1999.
Series:Zhong qing nian fa xue wen ku.
Tags: Add Tag
No Tags, Be the first to tag this record!
LEADER 00508cam a22001815u 4500
001 008242532-9
005 20020606104010.5
008 990611s1999 cc |||||||chi|d
020 |a 7562018782 
035 0 |a ocm49741251 
050 0 0 |a K5401  |b .Z86 1999 
100 1 |a Zuo, Weimin. 
245 1 0 |a Xing shi cheng xu wen ti yan jiu. 
260 |a Beijing :  |b Zhongguo zheng fa da xue chu ban she,  |c 1999. 
490 1 |a Zhong qing nian fa xue wen ku 
830 0 |a Zhong qing nian fa xue wen ku. 
988 |a 20020608 
906 |0 MH